Windows NT Win32 API SuperBible / (Record no. 62039)
[ view plain ]
| 000 -LEADER | |
|---|---|
| fixed length control field | 01435cam a2200337 a 4500 |
| 001 - CONTROL NUMBER | |
| control field | 4961010 |
| 003 - CONTROL NUMBER IDENTIFIER | |
| control field | NUST-PNEC |
| 005 - DATE AND TIME OF LATEST TRANSACTION | |
| control field | 20170116180738.0 |
| 008 - FIXED-LENGTH DATA ELEMENTS--GENERAL INFORMATION | |
| fixed length control field | 970220s1997 caua 001 0 eng |
| 010 ## - LIBRARY OF CONGRESS CONTROL NUMBER | |
| LC control number | 97006052 |
| 020 ## - INTERNATIONAL STANDARD BOOK NUMBER | |
| International Standard Book Number | 1571690891 |
| 020 ## - INTERNATIONAL STANDARD BOOK NUMBER | |
| International Standard Book Number | 818710578X |
| 040 ## - CATALOGING SOURCE | |
| Original cataloging agency | DLC |
| Transcribing agency | PNEC |
| Modifying agency | DLC |
| 050 00 - LIBRARY OF CONGRESS CALL NUMBER | |
| Classification number | QA76.76.O63 |
| Item number | S55873 1997 |
| 082 00 - DEWEY DECIMAL CLASSIFICATION NUMBER | |
| Classification number | 005.7 |
| Edition number | 21 |
| 100 1# - MAIN ENTRY--PERSONAL NAME | |
| Personal name | Simon, Richard J. |
| 245 10 - TITLE STATEMENT | |
| Title | Windows NT Win32 API SuperBible / |
| Statement of responsibility, etc. | Richard J. Simon. |
| 246 14 - VARYING FORM OF TITLE | |
| Title proper/short title | Waite Group Windows NT Win32 API SuperBible |
| 246 18 - VARYING FORM OF TITLE | |
| Title proper/short title | SuperBible Windows NT Win32 API |
| 260 ## - PUBLICATION, DISTRIBUTION, ETC. | |
| Place of publication, distribution, etc. | Corte Madera, CA : |
| Name of publisher, distributor, etc. | Waite Group Press, |
| Date of publication, distribution, etc. | c1997. |
| 300 ## - PHYSICAL DESCRIPTION | |
| Extent | xv, 1510 p. : |
| Other physical details | ill. ; |
| Dimensions | 24 cm. |
| 500 ## - GENERAL NOTE | |
| General note | Includes index. |
| 538 ## - SYSTEM DETAILS NOTE | |
| System details note | System requirements for accompanying computer disc: IBM compatible PC; Windows 95, Windows NT 4 or later; Windows 95 or Windows NT 4.0, ANSI-compatible C/C++ 32-bit compiler. |
| 630 00 - SUBJECT ADDED ENTRY--UNIFORM TITLE | |
| Uniform title | Microsoft Windows NT. |
| 630 00 - SUBJECT ADDED ENTRY--UNIFORM TITLE | |
| Uniform title | Microsoft Win32. |
| 650 #0 - SUBJECT ADDED ENTRY--TOPICAL TERM | |
| Topical term or geographic name entry element | Operating systems (Computers) |
| General subdivision | Computer, MIS |
| 856 ## - ELECTRONIC LOCATION AND ACCESS | |
| Uniform Resource Identifier | <a href="http://www.amazon.com/Windows-Win32-SuperBible-Other-Sams/dp/1571690891/ref=sr_1_1?s=books&ie=UTF8&qid=1417421342&sr=1-1&keywords=WINDOWS+NT+WIN32+API">http://www.amazon.com/Windows-Win32-SuperBible-Other-Sams/dp/1571690891/ref=sr_1_1?s=books&ie=UTF8&qid=1417421342&sr=1-1&keywords=WINDOWS+NT+WIN32+API</a> |
| 906 ## - LOCAL DATA ELEMENT F, LDF (RLIN) | |
| a | 7 |
| b | cbc |
| c | orignew |
| d | 1 |
| e | ocip |
| f | 19 |
| g | y-gencatlg |
| 942 ## - ADDED ENTRY ELEMENTS (KOHA) | |
| Source of classification or shelving scheme | |
| Koha item type | Book |
| Withdrawn status | Lost status | Source of classification or shelving scheme | Damaged status | Not for loan | Permanent Location | Current Location | Shelving location | Date acquired | Source of acquisition | Cost, normal purchase price | Total Checkouts | Full call number | Barcode | Date last seen | Cost, replacement price | Price effective from | Koha item type |
|---|---|---|---|---|---|---|---|---|---|---|---|---|---|---|---|---|---|
| Pakistan Navy Engineering College (PNEC) | Pakistan Navy Engineering College (PNEC) | 01/04/1999 | Library / Reference Grant | 1140.00 | 005.7 | PNECLIB-020629 | 12/01/2014 | 1140.00 | 01/04/1999 | Book |
